Fr. Conceicao Rodrigues College of Engineering

Applied Mechanics (Record no. 19310)

MARC details
000 -LEADER
fixed length control field 00299nam a2200145Ia 4500
082 ## - DEWEY DECIMAL CLASSIFICATION NUMBER
Classification number 620.1
Item number Kul
100 ## - MAIN ENTRY--PERSONAL NAME
Personal name Kulkarni
245 ## - TITLE STATEMENT
Title Applied Mechanics
260 ## - PUBLICATION, DISTRIBUTION, ETC.
Name of publisher, distributor, etc. Pragati Prakashan
Place of publication, distribution, etc. Poona
300 ## - PHYSICAL DESCRIPTION
Extent 169
546 ## - LANGUAGE NOTE
Language note ENGLISH
654 ## - SUBJECT ADDED ENTRY--FACETED TOPICAL TERMS
Focus term Applied Mechanics
942 ## - ADDED ENTRY ELEMENTS (KOHA)
Koha item type BOOK
Holdings
Withdrawn status Lost status Damaged status Not for loan Collection Home library Current library Date acquired Total Checkouts Full call number Barcode Date last seen Price effective from Koha item type
        AFT Fr. Agnel's C.Rodrigues College of Engineering Fr. Agnel's C.Rodrigues College of Engineering 17/03/2023   620.1 Kul AFT4200 17/03/2023 17/03/2023 BOOK